00384nam a2200145Ia 4500008004100000041000800041082001200049100002300061245007400084260003500158300000900193650001400202942000700216999001500223180314s9999 xx 000 0 und d aeng a547 GUN aGunaherath,G.M.K.B 0aStructure Reactivity Relationships of Some Aliphatic Compunds-Unit iv aOpen UniversitybColomboc2010 a156p achemistry cBK c4331d4331